000 00524nam a2200169Ia 4500
008 090711s9999 xx 000 0 und d
082 _b76028
100 _aजोशी प्र. न.
245 _aजुने दोरे नवे धागे
260 _c1972
300 _a176
600 _aजोशी प्र. न.
630 _aजुने दोरे नवे धागे
700 _aजोशी प्र. न.
730 _aजुने दोरे नवे धागे
942 _cBOOK
999 _c285381
_d285381